Panama : Latin America's best-kept secret.
| Main Author: | |
|---|---|
| Format: | Book |
| Published: |
London:
Euromoney,
1995.
|
| Subjects: |
| LEADER | 00479cam a2200169 7i4500 | ||
|---|---|---|---|
| 001 | 0000004170 | ||
| 005 | 19991025090000.0 | ||
| 002 | ##000005628 | ||
| 020 | 0 | 0 | |a 1-85564-351-0 |
| 090 | 0 | 0 | |a PANR |b 330.9 |b CHI |
| 100 | 1 | 0 | |a Chislett, William |
| 245 | 1 | 0 | |a Panama : |b Latin America's best-kept secret. |
| 260 | 0 | 0 | |a London: |b Euromoney, |c 1995. |
| 300 | 0 | 0 | |a 164 p.. |
| 650 | 0 | 0 | |a Economic conditions -- |z Panama |
| 651 | 0 | 0 | |a Panama |
| 999 | |a 0000006853 |b Book |c Open shelf |e Business Information Centre | ||


